Lezama Lima: el ingenuo culpable

Salvato in:
Dettagli Bibliografici
Autore principale: González, Reynaldo (Autore)
Natura: Libro
Lingua:spagnolo
Pubblicazione: La Habana Letras Cubanas 1994
Soggetti:
Tags: Aggiungi Tag
Nessun Tag, puoi essere il primo ad aggiungerne!!

MARC

LEADER 00000nam a2200000 a 4500
001 UCS6216
003 CL-VaPUC
005 20210520001700.0
008 970917e19940000CU |||||||||||||||||spa|d
999 |c 262164  |d 262162 
040 |c Pontificia Universidad Católica de Valparaíso 
082 0 4 |a Cu868.09  |b GON  |2 21 
100 |a González, Reynaldo  |e author  |9 523087 
245 1 0 |a Lezama Lima: el ingenuo culpable 
260 |a La Habana  |b Letras Cubanas  |c 1994 
300 |a 161 p 
583 |a last modification  |c 19970917 00:00:00  |k Rodrigo Vera 
600 |a Lezama Lima, José  |d 1910-1976  |9 860643 
650 7 |a ENSAYOS CUBANOS  |2 CL-VaPUC  |9 315049 
650 7 |a POESIA CUBANA  |2 CL-VaPUC  |9 376917 
650 7 |a CORRESPONDENCIAS CUBANAS  |2 CL-VaPUC  |9 391773 
650 0 |a Entrevistas  |9 265537 
650 0 |a Crítica e interpretación   |9 255042 
650 0 |a Crítica literaria   |9 269189 
942 |c BK  |2 ddc 
945 |d 19970917 00:00:00  |a rleighto 
952 |0 0  |1 0  |4 0  |6 CU_868_090000000000000_GON_1994  |7 0  |8 A  |9 290381  |a FDOPOS  |b FDOPOS  |d 2019-11-19  |i 3348768  |o Cu868.09 GON 1994  |p 3348768  |r 2025-01-22  |w 2019-11-19  |y BK  |k MLH